00833nam a2200217 a 450000100100000000500170001000800410002702000150006804000250008308200160010824501360012426000370026030000210029749000260031850000220034450400730036683000330043904900090047295201190048199900150060000000539420200929151650.0090819s1997 sp 000 0 spa d a8400076621 aDO-SdBNPbspacBNPHU axxxxbN937m03aLa novela mundial /cintroducción Alberto Sánchez Álvarez-Insúa ; catalogación María del Carmen santamaría Barceló. aMadrid, España :bCSIC,c1997. a123 p. ;c22 cm.1 aLiteratura Breve ;v2 aIncluye índices aIncluye referencias bibliográficas y notas al pie de las páginas 0aLiteratura breve ;n2915304 aBNPD 001054708MOaGRbGRcHDd2009-08-19iLF1l0oxxxx N937mp5394-10r2020-06-25w2020-06-25y4ZPréstamo en sala c5194d5194